Imiona Męskie na "D" - Statystyki

Ogólne statystyki
  • Ten quiz został rozwiązany 206 razy
  • Średni wynik to 5 z 10
Statystyki odpowiedzi
Hint Odpowiedź % Poprawnych
1. Dariusz
91%
2. Damian
85%
6. Dawid
80%
9. Daniel
79%
8. Dominik
76%
5. Dorian
41%
3. Dionizy
26%
7. Denis
20%
4. Dobromił
14%
10. Dobrowit
1%
Nie znaleziono quizów pasujących do podanych kryteriów
Rozkład punktacji
Procent ludzi z każdym wynikiem
Percentyl według liczby udzielonych odpowiedzi
Twoja historia wyników
Nie rozwiązałeś tego quizu